Теоретические основы химических процессов переработки нефти: учебное пособие

التفاصيل البيبلوغرافية
المؤلف الرئيسي: Магарил Р. З. Ромен Зеликович
الملخص:Рассмотрен химический состав нефтей, даны механизм, кинетика и термодинамика основных термических и каталитических процессов переработки нефти, описаны катализаторы, изложены основы управления процессами. Предназначена в качестве учебного пособия по курсам «Химия нефти», «Технология нефти» и «Технология нефтехимического синтеза» для студентов нефтяных вузов и факультетов. Может быть полезна аспирантам, инженерам и научным работникам нефтеперерабатывающей и нефтехимической промышленности.
اللغة:الروسية
منشور في: Москва, КДУ, 2010
الموضوعات:
التنسيق: MixedMaterials كتاب
KOHA link:https://koha.lib.tpu.ru/cgi-bin/koha/opac-detail.pl?biblionumber=184125

MARC

LEADER 00000nam0a2200000 4500
001 184125
005 20231101223824.0
010 |a 9785982276797 
035 |a (RuTPU)RU\TPU\book\199606 
035 |a RU\TPU\book\136992 
090 |a 184125 
100 |a 20071129d2010 m y0rusy50 ca 
101 0 |a rus 
102 |a RU 
105 |a a j 001zy 
200 1 |a Теоретические основы химических процессов переработки нефти  |e учебное пособие  |f Р. З. Магарил 
210 |a Москва  |c КДУ  |d 2010 
215 |a 280 с.  |c ил. 
320 |a Библиогр.: с. 274-278. 
320 |a Предметный указатель: с. 278-279. 
330 |a Рассмотрен химический состав нефтей, даны механизм, кинетика и термодинамика основных термических и каталитических процессов переработки нефти, описаны катализаторы, изложены основы управления процессами. Предназначена в качестве учебного пособия по курсам «Химия нефти», «Технология нефти» и «Технология нефтехимического синтеза» для студентов нефтяных вузов и факультетов. Может быть полезна аспирантам, инженерам и научным работникам нефтеперерабатывающей и нефтехимической промышленности. 
451 1 |0 (RuTPU)RU\TPU\book\44643  |t Теоретические основы химических процессов переработки нефти  |o учебное пособие для вузов  |f Р. З. Магарил  |c Ленинград  |n Химия  |d 1985  |p 280 с.  |a Магарил, Ромен Зеликович 
606 1 |a Нефтепереработка  |x Физико-химические основы  |2 stltpush  |3 (RuTPU)RU\TPU\subj\33848  |9 55970 
610 1 |a нефтехимия 
610 1 |a нефть 
610 1 |a химический состав 
610 1 |a бензиновые фракции 
610 1 |a масляные фракции 
610 1 |a гидроны 
610 1 |a переработка 
610 1 |a углеводороды 
610 1 |a газофазные термические реакции 
610 1 |a термические превращения 
610 1 |a каталитические процессы 
610 1 |a технический катализ 
610 1 |a алкены 
610 1 |a полимеризация 
610 1 |a каталитический крекинг 
610 1 |a алканы 
610 1 |a изомеризация 
610 1 |a каталитический риформинг 
610 1 |a гидроочистка 
610 1 |a учебные пособия 
675 |a 665.63(075.8)  |v 3 
700 1 |a Магарил  |b Р. З.  |g Ромен Зеликович 
801 1 |a RU  |b 63413507  |c 20100827 
801 2 |a RU  |b 63413507  |c 20151015  |g RCR 
942 |c BK 
959 |a 53/20100827  |d 5  |e 302,50  |f АНЛ:1  |f ЧЗТЛ:1  |f УФ:3